[Event "Sports Meet Chess Tour 55th"]
[Site "New Delhi"]
[Date "2022.12.17"]
[Round "3.1"]
[White "Abhiram Pramod, K."]
[Black "Manpreet, Singh"]
[Result "1-0"]
[WhiteElo "1715"]
[BlackElo "1292"]
[PlyCount "98"]
[EventDate "2022.12.15"]
[EventType "team-swiss"]
[EventRounds "7"]
[EventCountry "IND"]
[SourceTitle "CBM 212 Extra"]
[Source "ChessBase"]
[SourceDate "2023.03.31"]
[SourceVersion "1"]
[SourceVersionDate "2023.03.31"]
[SourceQuality "1"]
[WhiteTeam "Madras"]
[BlackTeam "Delhi"]
[WhiteTeamCountry "IND"]
[BlackTeamCountry "IND"]

1. e4 c5 2. Nf3 g6 3. d4 cxd4 4. Nxd4 Bg7 5. c4 Nc6 6. Be3 Nf6 7. Nc3 0-0 8. Be2 d6 9. 0-0 Bd7 10. Rc1 Nxd4 11. Bxd4 a5 12. Nd5 Bc6 13. Nxf6+ Bxf6 14. Bxf6 exf6 15. Qd4 Qe7 16. Rfd1 Qxe4 17. Qxe4 Bxe4 18. Rxd6 Rad8 19. Rcd1 Rxd6 20. Rxd6 Kg7 21. f3 Bc6 22. b3 Re8 23. Kf2 f5 24. g3 Re6 25. Rd8 b6 26. Rb8 Bd7 27. Rb7 Be8 28. a3 Kf6 29. f4 Rd6 30. b4 axb4 31. axb4 Rc6 32. Ke3 Ke6 33. Kd4 Rd6+ 34. Kc3 Rc6 35. Bf3 Rd6 36. Bd5+ Kf6 37. Kd4 g5 38. c5 bxc5+ 39. bxc5 Rd8 40. Rb6+ Kg7 41. fxg5 Rc8 42. c6 f6 43. gxf6+ Kxf6 44. Kc5 Ke5 45. Rb1 Rd8 46. Re1+ Kf6 47. c7 Rc8 48. Kd6 Bb5 49. Bb7 Rh8 1-0